[Event "Fajr op 16th"]
[Site "Urmia"]
[Date "2008.02.05"]
[Round "5"]
[White "Torkamannejad, Javad"]
[Black "Khaghani, Mehdi"]
[Result "0-1"]
[WhiteElo "1953"]
[BlackElo "2270"]
[PlyCount "64"]
[EventDate "2008.02.03"]
[EventType "swiss"]
[EventRounds "11"]
[EventCountry "IRI"]
[SourceTitle "CBM 122 Extra"]
[Source "ChessBase"]
[SourceDate "2008.03.04"]
[SourceVersion "1"]
[SourceVersionDate "2008.03.04"]
[SourceQuality "1"]

1. e4 c6 2. d4 d5 3. Nc3 dxe4 4. Nxe4 Bf5 5. Ng3 Bg6 6. h4 h6 7. Nf3 Nd7 8. h5 Bh7 9. Bd3 Bxd3 10. Qxd3 e6 11. Bf4 Qa5+ 12. Bd2 Bb4 13. c3 Be7 14. c4 Qa6 15. 0-0 Ngf6 16. a3 0-0 17. Rfe1 Qb6 18. b4 a5 19. Nf5 Bd8 20. Nxh6+ gxh6 21. Bxh6 Nxh5 22. Ne5 Nxe5 23. Rxe5 f5 24. Rxe6 Bf6 25. Qxf5 Qxd4 26. Qxh5 Qxa1+ 27. Kh2 Rf7 28. Qg6+ Bg7 29. Qh5 axb4 30. axb4 Qd4 31. Bxg7 Qf4+ 32. Kh1 Rxg7 0-1

[Event "Fajr op 14th"]
[Site "Tehran"]
[Date "2006.01.25"]
[Round "3"]
[White "Chaichi, SN."]
[Black "Khaghani, Mehdi"]
[Result "0-1"]
[WhiteElo "2159"]
[BlackElo "2296"]
[PlyCount "70"]
[EventDate "2006.01.24"]
[EventType "swiss"]
[EventRounds "9"]
[EventCountry "IRI"]
[SourceTitle "CBM 110 Extra"]
[Source "ChessBase"]
[SourceDate "2006.03.10"]
[SourceVersion "2"]
[SourceVersionDate "2006.03.10"]
[SourceQuality "1"]

1. e4 c6 2. d4 d5 3. Nd2 dxe4 4. Nxe4 Bf5 5. Ng3 Bg6 6. Bc4 e6 7. N1e2 Nf6 8. 0-0 Bd6 9. f4 Qd7 10. Bd3 Bxd3 11. Qxd3 g6 12. f5 gxf5 13. Bg5 Be7 14. Rae1 Nd5 15. Bxe7 Nxe7 16. Nh5 Qd6 17. Nf6+ Kd8 18. Nf4 Nd7 19. Nxd7 Kxd7 20. c4 Rad8 21. Qe3 Kc7 22. Rd1 Kb8 23. d5 cxd5 24. cxd5 e5 25. Rfe1 f6 26. Kh1 Rd7 27. Nh5 Rhd8 28. h3 Qa6 29. Qh6 Nxd5 30. Rd2 f4 31. Red1 Qc6 32. Rg1 a6 33. Kh2 Ka7 34. Ng7 Ne3 35. Rxd7 Rxd7 0-1

[Event "Asia-chT fin 14th"]
[Site "Esfahan"]
[Date "2005.12.26"]
[Round "9"]
[White "Khaghani, Mehdi"]
[Black "Bayramsahedov, Serdarguly"]
[Result "1-0"]
[WhiteElo "2293"]
[BlackElo "2272"]
[PlyCount "63"]
[EventDate "2005.12.21"]
[EventType "team"]
[EventRounds "10"]
[EventCountry "IRI"]
[SourceTitle "CBM 110 Extra"]
[Source "ChessBase"]
[SourceDate "2006.03.10"]
[SourceVersion "2"]
[SourceVersionDate "2006.03.10"]
[SourceQuality "1"]
[WhiteTeam "Iran"]
[BlackTeam "Turkmenistan"]
[WhiteTeamCountry "IRI"]
[BlackTeamCountry "TKM"]

1. e4 e6 2. d4 d5 3. e5 c5 4. c3 Nc6 5. Nf3 Qb6 6. a3 c4 7. Nbd2 Na5 8. Rb1 Bd7 9. b4 cxb3 10. c4 dxc4 11. Nxc4 Nxc4 12. Bxc4 Ne7 13. 0-0 Bc6 14. Rxb3 Qc7 15. Ng5 h6 16. Qh5 g6 17. Qh3 Nf5 18. Bb2 Qe7 19. Nf3 Qd8 20. d5 Bxd5 21. Rd3 Ne7 22. Ng5 Qb6 23. Bxd5 Nxd5 24. Bd4 Qd8 25. Be3 Qd7 26. Rfd1 Bg7 27. Ne4 Bxe5 28. Bd4 Bxd4 29. Rxd4 Kf8 30. Rxd5 Qxd5 31. Rxd5 exd5 32. Nc3 1-0

[Event "Asia-chT fin 14th"]
[Site "Esfahan"]
[Date "2005.12.21"]
[Round "1"]
[White "Toufighi, Homayoon"]
[Black "Khaghani, Mehdi"]
[Result "1-0"]
[WhiteElo "2311"]
[BlackElo "2293"]
[PlyCount "163"]
[EventDate "2005.12.21"]
[EventType "team"]
[EventRounds "10"]
[EventCountry "IRI"]
[SourceTitle "CBM 110 Extra"]
[Source "ChessBase"]
[SourceDate "2006.03.10"]
[SourceVersion "2"]
[SourceVersionDate "2006.03.10"]
[SourceQuality "1"]
[WhiteTeam "Iran II"]
[BlackTeam "Iran"]
[WhiteTeamCountry "IRI"]
[BlackTeamCountry "IRI"]

1. e4 c6 2. Nf3 d5 3. Nc3 dxe4 4. Nxe4 Bf5 5. Ng3 Bg4 6. h3 Bxf3 7. Qxf3 Nf6 8. Bc4 e6 9. 0-0 Nbd7 10. d4 Be7 11. a4 a5 12. Bg5 0-0 13. c3 Nd5 14. Bxe7 Qxe7 15. Rfe1 N7f6 16. Re5 Rad8 17. Rae1 Nd7 18. R5e4 N7f6 19. Re5 Nd7 20. R5e4 N5b6 21. Rg4 Nxc4 22. Rxg7+ Kxg7 23. Nf5+ exf5 24. Rxe7 Kf6 25. Re2 Rfe8 26. Rxe8 Rxe8 27. b3 Re1+ 28. Kh2 Nd6 29. Qf4 Ke7 30. c4 Re4 31. Qd2 b6 32. f3 Re6 33. c5 bxc5 34. dxc5 Nb7 35. b4 axb4 36. Qxb4 Nbxc5 37. a5 Kd8 38. Qh4+ Rf6 39. Qxh7 Na6 40. Qh8+ Kc7 41. h4 c5 42. h5 c4 43. h6 c3 44. h7 Rh6+ 45. Kg3 c2 46. Qc3+ Rc6 47. h8Q c1Q 48. Qxc1 Rxc1 49. Qh6 Rc6 50. Qf4+ Kc8 51. Qxf5 f6 52. Qb5 Rd6 53. Kh3 Nc7 54. Qc4 Ne5 55. Qb4 Rc6 56. f4 Nd7 57. g4 Rc5 58. Kh4 Rb5 59. Qa4 Kb7 60. a6+ Ka7 61. Qd4+ Nb6 62. Qxf6 Ncd5 63. Qf7+ Kxa6 64. f5 Rb4 65. Qe6 Rf4 66. Kg3 Rb4 67. f6 Rb3+ 68. Kh4 Re3 69. Qf5 Re8 70. f7 Rf8 71. g5 Ne7 72. Qf6 Ned5 73. Qf1+ Kb7 74. g6 Rh8+ 75. Kg5 Nc7 76. Qf3+ Nbd5 77. Qe2 Rf8 78. Kh6 Kc8 79. Kg7 Nf4 80. Kxf8 Nxe2 81. Kg8 Ne6 82. g7 1-0

[Event "IRI-ch"]
[Site "Tehran"]
[Date "2005.09.12"]
[Round "2"]
[White "Khaghani, Mehdi"]
[Black "Ghorbani, Mohsen"]
[Result "1-0"]
[WhiteElo "2311"]
[BlackElo "2340"]
[PlyCount "169"]
[EventDate "2005.09.11"]
[EventType "tourn"]
[EventRounds "11"]
[EventCountry "IRI"]
[EventCategory "2"]
[SourceTitle "EXT 2006"]
[Source "ChessBase"]
[SourceDate "2005.11.24"]
[SourceVersion "1"]
[SourceVersionDate "2005.11.24"]
[SourceQuality "1"]

1. e4 c5 2. Nf3 e6 3. d4 cxd4 4. Nxd4 a6 5. Nc3 Bc5 6. Be3 d6 7. Bd3 Nd7 8. Qd2 Ngf6 9. 0-0-0 b5 10. Nb3 Bxe3 11. Qxe3 0-0 12. Qd4 Ne5 13. Be2 Bb7 14. f3 Ne8 15. f4 Nc6 16. Qe3 Qc7 17. Bf3 Rc8 18. Kb1 Ne7 19. a3 Nf6 20. Rd2 d5 21. e5 Nd7 22. g4 Nb6 23. Rd3 Nc4 24. Qf2 f6 25. Nd4 Qb6 26. exf6 Rxf6 27. Qe1 Ng6 28. f5 Nf4 29. Nxe6 Nxd3 30. cxd3 Ne3 31. d4 Rxe6 32. fxe6 Qxe6 33. Qe2 Re8 34. Re1 Bc6 35. Qd3 Qh6 36. Nxd5 Nxd5 37. Bxd5+ Kh8 38. Rxe8+ Bxe8 39. Qe2 Qg6+ 40. Ka2 Bf7 41. Qe5 h5 42. gxh5 Bxd5+ 43. Qxd5 Qc2 44. Qf7 Qd1 45. Qe8+ Kh7 46. Qg6+ Kh8 47. h6 gxh6 48. Qxh6+ Kg8 49. Qe6+ Kh7 50. d5 b4 51. Qd7+ Kg8 52. axb4 Qd3 53. Qe6+ Kg7 54. d6 Qd1 55. Qe5+ Kf7 56. Qe7+ Kg6 57. Qe8+ Kg7 58. Qc6 Kf8 59. h4 Kf7 60. Qxa6 Qd5+ 61. Ka3 Qd1 62. Qc4+ Kf6 63. Qc5 Qa1+ 64. Kb3 Qd1+ 65. Qc2 Qxd6 66. b5 Qd5+ 67. Qc4 Qd1+ 68. Kb4 Ke7 69. b6 Qf3 70. Kb5 Kf8 71. b4 Kg7 72. Qc7+ Kh8 73. Qd8+ Kh7 74. Qd7+ Kh8 75. b7 Qe2+ 76. Ka5 Qa2+ 77. Kb6 Qf2+ 78. Kc7 Qf4+ 79. Qd6 Qf7+ 80. Kc8 Qc4+ 81. Qc5 Qg8+ 82. Kc7 Qg3+ 83. Kb6 Qh2 84. Qc8+ Kh7 85. Qc7+ 1-0

[Event "IRI-ch sf"]
[Site "Tehran"]
[Date "2005.08.04"]
[Round "2"]
[White "Asgari, Morteza"]
[Black "Khaghani, Mehdi"]
[Result "0-1"]
[WhiteElo "2182"]
[BlackElo "2311"]
[PlyCount "50"]
[EventDate "2005.08.03"]
[EventType "swiss"]
[EventRounds "9"]
[EventCountry "IRI"]
[SourceTitle "EXT 2006"]
[Source "ChessBase"]
[SourceDate "2005.11.24"]
[SourceVersion "1"]
[SourceVersionDate "2005.11.24"]
[SourceQuality "1"]

1. e4 c5 2. Nf3 e6 3. d4 cxd4 4. Nxd4 a6 5. c4 Nf6 6. Nc3 Qc7 7. Bd3 Nc6 8. Nxc6 dxc6 9. 0-0 e5 10. Bg5 Be7 11. Rc1 0-0 12. c5 Bxc5 13. Bxf6 gxf6 14. Qh5 Qe7 15. Kh1 Kh8 16. f4 Be3 17. Rce1 Bxf4 18. Nd5 cxd5 19. exd5 f5 20. Rxf4 e4 21. Rfxe4 fxe4 22. Rxe4 Qf6 23. Re8 Bf5 24. Bxf5 h6 25. Re7 Rae8 0-1

[Event "IRI-chT"]
[Site "Iran"]
[Date "2005.06.10"]
[Round "5"]
[White "Petrosian, Tigran L"]
[Black "Khaghani, Mehdi"]
[Result "0-1"]
[WhiteElo "2599"]
[BlackElo "2311"]
[PlyCount "156"]
[EventDate "2005.05.26"]
[EventType "team"]
[EventRounds "11"]
[EventCountry "IRI"]
[SourceTitle "CBM 106 Extra"]
[Source "ChessBase"]
[SourceDate "2005.07.01"]
[SourceVersion "1"]
[SourceVersionDate "2005.07.01"]
[SourceQuality "1"]

1. e4 c5 2. Nc3 e6 3. Nf3 a6 4. d4 cxd4 5. Nxd4 b5 6. Bd3 Qb6 7. Nf3 Nc6 8. 0-0 Qb8 9. b3 Be7 10. Bb2 Bf6 11. Qe2 Nge7 12. a4 b4 13. Nd1 Bxb2 14. Nxb2 0-0 15. Nc4 d5 16. exd5 Nxd5 17. Qe4 g6 18. Ne3 Nce7 19. Ne5 Qc7 20. Nxd5 Nxd5 21. Rfe1 Bb7 22. a5 f6 23. Nf3 Rfe8 24. Qh4 Kg7 25. Re4 e5 26. Rc4 Qf7 27. Be4 Rac8 28. Bxd5 Bxd5 29. Rxc8 Rxc8 30. Ne1 Qb7 31. Ra4 e4 32. Qf4 Bc6 33. Ra1 Qd7 34. Qe3 Rd8 35. c3 bxc3 36. Qxc3 Bb5 37. g3 Qd2 38. Qxd2 Rxd2 39. Rb1 f5 40. h4 Kf6 41. Ng2 Bd3 42. Rc1 Rb2 43. Nf4 Bc2 44. Nd5+ Ke5 45. Ne3 Rb1 46. Rxb1 Bxb1 47. Kf1 Kd4 48. h5 gxh5 49. Nxf5+ Kc3 50. Ke2 Kxb3 51. Nd6 Kb4 52. Nb7 Ba2 53. Ke3 Bd5 54. Nd6 Kxa5 55. Kd4 Ba2 56. Nxe4 Kb4 57. Nc5 a5 58. f4 Bb1 59. Na6+ Kb3 60. Nc5+ Kb4 61. Na6+ Kb3 62. Nc5+ Kb4 63. Na6+ Kb5 64. Nc7+ Kc6 65. Nd5 a4 66. Nf6 Bg6 67. f5 Bxf5 68. Nxh5 Be6 69. Nf6 a3 70. Kc3 h6 71. Ne4 Kd5 72. Nf2 Ke5 73. Nd3+ Kf5 74. Nf2 a2 75. Kb2 Ke5 76. Nd3+ Kd4 77. Nf4 Bf7 78. g4 Ke3 0-1

[Event "IRI-chT"]
[Site "Iran"]
[Date "2005.06.09"]
[Round "4"]
[White "Daneshpour, SH."]
[Black "Khaghani, Mehdi"]
[Result "1/2-1/2"]
[WhiteElo "2161"]
[BlackElo "2311"]
[PlyCount "70"]
[EventDate "2005.05.26"]
[EventType "team"]
[EventRounds "11"]
[EventCountry "IRI"]
[SourceTitle "CBM 106 Extra"]
[Source "ChessBase"]
[SourceDate "2005.07.01"]
[SourceVersion "1"]
[SourceVersionDate "2005.07.01"]
[SourceQuality "1"]

1. c4 c6 2. Nf3 d5 3. b3 Nf6 4. g3 Bg4 5. Bg2 Nbd7 6. Bb2 e6 7. 0-0 Bd6 8. d3 0-0 9. Nbd2 Qe7 10. h3 Bh5 11. Qc2 Ba3 12. Rab1 Bxb2 13. Qxb2 a5 14. a3 e5 15. cxd5 cxd5 16. Kh2 Rad8 17. Rbc1 Rfe8 18. Rfe1 Qd6 19. b4 Qb6 20. e3 e4 21. dxe4 Bxf3 22. Nxf3 dxe4 23. Nd2 axb4 24. axb4 Qe6 25. Qb3 Qf5 26. Nc4 Qxf2 27. Rf1 Qe2 28. Nd6 Re6 29. Nxb7 Rb8 30. Nc5 Nxc5 31. Rxc5 Qd2 32. b5 h5 33. Rd1 Qf2 34. Rf1 Qe2 35. Rc2 Qd3 1/2-1/2

[Event "Fajr op 13th"]
[Site "Tehran"]
[Date "2005.02.01"]
[Round "9"]
[White "Abbasov, Farid"]
[Black "Khaghani, Mehdi"]
[Result "1-0"]
[WhiteElo "2465"]
[BlackElo "2289"]
[PlyCount "107"]
[EventDate "2005.01.04"]
[EventType "swiss"]
[EventRounds "9"]
[EventCountry "IRI"]
[SourceTitle "CBM 104 Extra"]
[Source "ChessBase"]
[SourceDate "2005.03.01"]
[SourceVersion "1"]
[SourceVersionDate "2005.03.01"]
[SourceQuality "1"]

1. Nf3 c5 2. g3 b6 3. Bg2 Bb7 4. 0-0 Nf6 5. c4 e6 6. Nc3 Be7 7. Re1 a6 8. e4 d6 9. d4 cxd4 10. Qxd4 0-0 11. b3 Qc7 12. Ba3 Nbd7 13. Rad1 Nc5 14. e5 dxe5 15. Qxe5 Rac8 16. Qxc7 Rxc7 17. Bb2 Rd8 18. Rxd8+ Bxd8 19. Ne5 Bxg2 20. Kxg2 Be7 21. Rd1 Ne8 22. f4 f6 23. Nf3 Kf7 24. Kf2 h6 25. Ke2 g5 26. Nd4 Nd6 27. Ke3 Rc8 28. Kf3 f5 29. Nde2 g4+ 30. Ke3 h5 31. Nc1 Rc7 32. Nd3 Nce4 33. Ne5+ Ke8 34. Ne2 h4 35. Nd4 hxg3 36. Nxe6 Rb7 37. hxg3 Nxg3 38. Rg1 Bh4 39. Ng6 Nh5 40. Rh1 Bf6 41. Bxf6 Nxf6 42. Ne5 Ke7 43. Nd4 Rc7 44. Rh8 b5 45. Ndc6+ Ke6 46. c5 Nf7 47. Nd4+ Kd5 48. Rf8 Nxe5 49. Rxf6 Rxc5 50. Nxf5 Rc3+ 51. Kd2 Rf3 52. Ne7+ Ke4 53. fxe5 g3 54. Rxf3 1-0

[Event "Fajr op 13th"]
[Site "Tehran"]
[Date "2005.01.30"]
[Round "6"]
[White "Khaghani, Mehdi"]
[Black "Momeni, Ebrahim"]
[Result "1-0"]
[WhiteElo "2289"]
[BlackElo "2120"]
[PlyCount "97"]
[EventDate "2005.01.04"]
[EventType "swiss"]
[EventRounds "9"]
[EventCountry "IRI"]
[SourceTitle "CBM 104 Extra"]
[Source "ChessBase"]
[SourceDate "2005.03.01"]
[SourceVersion "1"]
[SourceVersionDate "2005.03.01"]
[SourceQuality "1"]

1. e4 c5 2. c3 d5 3. exd5 Qxd5 4. d4 Nf6 5. Nf3 e6 6. Bd3 Be7 7. 0-0 0-0 8. Re1 Nc6 9. a3 b6 10. c4 Qd6 11. dxc5 bxc5 12. Qe2 Bb7 13. Nc3 Rfd8 14. Rd1 Nd4 15. Nxd4 cxd4 16. Ne4 Nxe4 17. Bxe4 Bxe4 18. Qxe4 Rac8 19. Qd3 Qc6 20. b3 a5 21. Bd2 a4 22. Bb4 Bxb4 23. axb4 axb3 24. c5 Rb8 25. Qxb3 Qb5 26. Rab1 d3 27. Qc3 h6 28. g3 Rd5 29. Qd2 Rd4 30. Rdc1 e5 31. c6 Rc8 32. Rc5 Qb6 33. Qc3 d2 34. Rd1 Rxb4 35. Rxd2 Rb1+ 36. Kg2 Qa6 37. c7 Qf1+ 38. Kf3 Qh1+ 39. Kg4 h5+ 40. Kh3 g5 41. Rd8+ Kh7 42. Qd3+ e4 43. Qe2 g4+ 44. Kh4 Qxh2+ 45. Kg5 Kg7 46. Rxc8 Rb6 47. Rg8+ Kxg8 48. c8Q+ Kg7 49. Rc6 1-0

[Event "IRI-ch"]
[Site "Mashad"]
[Date "2003.10.01"]
[Round "10"]
[White "Khaghani, Mehdi"]
[Black "Darban Vaighani, Morteza"]
[Result "1/2-1/2"]
[WhiteElo "2212"]
[BlackElo "2341"]
[PlyCount "65"]
[EventDate "2003.09.24"]
[EventType "swiss"]
[EventRounds "11"]
[EventCountry "IRI"]
[SourceTitle "CBM 096 Extra"]
[Source "ChessBase"]
[SourceDate "2003.10.22"]
[SourceVersion "2"]
[SourceVersionDate "2003.10.20"]
[SourceQuality "1"]

1. e4 d6 2. d4 Nf6 3. Nc3 c6 4. f4 Qa5 5. Bd2 e5 6. fxe5 dxe5 7. dxe5 Ng4 8. Qf3 Bc5 9. Nh3 0-0 10. Qg3 Be6 11. Nd5 Qd8 12. Ndf4 Qe7 13. Nd3 Nd7 14. Be2 Ngxe5 15. Bc3 f6 16. Nhf4 Bf7 17. Nxc5 Nxc5 18. Bd3 Nxe4 19. Bxe4 Ng6 20. 0-0 Qxe4 21. Rae1 Qxc2 22. Nh5 Rae8 23. Rxf6 Rxe1+ 24. Qxe1 Re8 25. Qf1 gxf6 26. Nxf6+ Kf8 27. Nxh7+ Ke7 28. Qf6+ Kd7 29. Qxf7+ Re7 30. Qxg6 Qc1+ 31. Kf2 Qf4+ 32. Kg1 Qe3+ 33. Kf1 1/2-1/2

[Event "IRI-ch"]
[Site "Mashad"]
[Date "2003.09.30"]
[Round "9"]
[White "Mahmoud, Pe"]
[Black "Khaghani, Mehdi"]
[Result "0-1"]
[WhiteElo "2297"]
[BlackElo "2212"]
[PlyCount "52"]
[EventDate "2003.09.24"]
[EventType "swiss"]
[EventRounds "11"]
[EventCountry "IRI"]
[SourceTitle "CBM 096 Extra"]
[Source "ChessBase"]
[SourceDate "2003.10.22"]
[SourceVersion "2"]
[SourceVersionDate "2003.10.20"]
[SourceQuality "1"]

1. e4 c5 2. Nf3 e6 3. d4 cxd4 4. Nxd4 a6 5. Bd3 Nf6 6. 0-0 Qc7 7. c4 Nc6 8. Nxc6 dxc6 9. Nc3 Bc5 10. Qe2 e5 11. Kh1 0-0 12. f4 Bd4 13. f5 Nd7 14. Rf3 f6 15. Rg3 b5 16. cxb5 axb5 17. a4 Nc5 18. Bb1 b4 19. Ba2+ b3 20. Bb1 Ba6 21. Qh5 Qf7 22. Qh4 Rad8 23. Rh3 h6 24. Bxh6 Bxc3 25. Bd2 Qc4 26. Bd3 Rxd3 0-1

[Event "IRI-ch"]
[Site "Mashad"]
[Date "2003.09.28"]
[Round "7"]
[White "Vaghar, Mohsen"]
[Black "Khaghani, Mehdi"]
[Result "0-1"]
[WhiteElo "2130"]
[BlackElo "2212"]
[PlyCount "56"]
[EventDate "2003.09.24"]
[EventType "swiss"]
[EventRounds "11"]
[EventCountry "IRI"]
[SourceTitle "CBM 096 Extra"]
[Source "ChessBase"]
[SourceDate "2003.10.22"]
[SourceVersion "2"]
[SourceVersionDate "2003.10.20"]
[SourceQuality "1"]

1. e4 c6 2. d4 d5 3. e5 Bf5 4. Nc3 e6 5. Nge2 Ne7 6. Nf4 h6 7. g4 Bh7 8. Be3 c5 9. Qd2 Nec6 10. 0-0-0 Nxd4 11. Bxd4 cxd4 12. Qxd4 Nc6 13. Qd2 Qa5 14. Bb5 Rc8 15. h4 Bb4 16. Nfe2 0-0 17. Bxc6 Rxc6 18. Rh3 Rfc8 19. Kb1 Rc4 20. Rg3 d4 21. Nxd4 Rd8 22. Qf4 Qb6 23. Rf3 Rcxd4 24. Qxf7+ Kh8 25. Rxd4 Qxd4 26. a3 Bxc3 27. Rxc3 Qd1+ 28. Ka2 Bxc2 0-1

[Event "IRI-ch"]
[Site "Mashad"]
[Date "2003.09.25"]
[Round "2"]
[White "Niknaddaf, Ali"]
[Black "Khaghani, Mehdi"]
[Result "1-0"]
[WhiteElo "2324"]
[BlackElo "2212"]
[PlyCount "83"]
[EventDate "2003.09.24"]
[EventType "swiss"]
[EventRounds "11"]
[EventCountry "IRI"]
[SourceTitle "CBM 096 Extra"]
[Source "ChessBase"]
[SourceDate "2003.10.22"]
[SourceVersion "2"]
[SourceVersionDate "2003.10.20"]
[SourceQuality "1"]

1. c4 c5 2. Nf3 Nf6 3. d4 cxd4 4. Nxd4 b6 5. f3 Bb7 6. e4 d6 7. Nc3 e6 8. Be2 Be7 9. 0-0 0-0 10. Kh1 Nbd7 11. Be3 Qc7 12. Rc1 Rac8 13. Qd2 Qb8 14. Rfd1 Rfe8 15. Nc2 Ne5 16. b3 Bf8 17. Bg5 Ned7 18. Bf4 Ne5 19. Bg5 Ned7 20. Ne3 h6 21. Bh4 a6 22. Bf1 Bc6 23. Ne2 Bb7 24. Bg3 Ne5 25. Nf4 Bc6 26. Nd3 Nh5 27. Bf2 Nxd3 28. Bxd3 Qb7 29. Bf1 b5 30. Rc2 Nf6 31. Bg3 Red8 32. Qa5 Be7 33. cxb5 axb5 34. Rdc1 d5 35. e5 Nh5 36. a4 d4 37. axb5 dxe3 38. bxc6 Qxb3 39. c7 Rf8 40. Ba6 Bb4 41. Qb5 e2 42. Qxe2 1-0

[Event "Tehran-ch"]
[Site "Tehran"]
[Date "2003.07.20"]
[Round "9"]
[White "Khaghani, Mehdi"]
[Black "Sadatnajafi, Mohamed"]
[Result "1-0"]
[WhiteElo "2212"]
[BlackElo "2223"]
[PlyCount "85"]
[EventDate "2003.07.05"]
[EventType "swiss"]
[EventRounds "9"]
[EventCountry "IRI"]
[SourceTitle "EXT 2004"]
[Source "ChessBase"]
[SourceDate "2003.11.25"]
[SourceVersion "1"]
[SourceVersionDate "2003.11.25"]
[SourceQuality "1"]

1. e4 c5 2. Nf3 e6 3. d4 cxd4 4. Nxd4 Nc6 5. Nc3 Qc7 6. Be3 a6 7. Be2 Nf6 8. 0-0 Bb4 9. Na4 Bd6 10. g3 b5 11. Nb6 Rb8 12. Nxc8 Rxc8 13. a4 Nxd4 14. Bxd4 e5 15. Be3 Bc5 16. Bxc5 Qxc5 17. axb5 axb5 18. Ra5 Rb8 19. Qd3 0-0 20. c3 Qc4 21. Rxb5 Qxd3 22. Bxd3 Rxb5 23. Bxb5 Rb8 24. c4 Nxe4 25. Rd1 Nf6 26. g4 h6 27. h4 d5 28. g5 hxg5 29. hxg5 dxc4 30. Bxc4 Ne4 31. g6 Kf8 32. gxf7 Ke7 33. Re1 Nd6 34. Rxe5+ Kf8 35. b3 Nxc4 36. Re8+ Rxe8 37. fxe8Q+ Kxe8 38. bxc4 Kd7 39. Kf1 Kd6 40. Ke2 Ke5 41. Ke3 g6 42. f4+ Kf5 43. c5 1-0

[Event "Tehran-ch"]
[Site "Tehran"]
[Date "2003.07.18"]
[Round "7"]
[White "Khaghani, Mehdi"]
[Black "Honari, Kaveh"]
[Result "1-0"]
[WhiteElo "2212"]
[BlackElo "2249"]
[PlyCount "102"]
[EventDate "2003.07.05"]
[EventType "swiss"]
[EventRounds "9"]
[EventCountry "IRI"]
[SourceTitle "EXT 2004"]
[Source "ChessBase"]
[SourceDate "2003.11.25"]
[SourceVersion "1"]
[SourceVersionDate "2003.11.25"]
[SourceQuality "1"]

1. e4 e5 2. Nf3 Nf6 3. Nxe5 d6 4. Nf3 Nxe4 5. Nc3 Nf6 6. d4 Be7 7. Bd3 0-0 8. h3 c5 9. Ne2 Nc6 10. c3 b6 11. 0-0 Bb7 12. a3 d5 13. Ng3 cxd4 14. cxd4 Re8 15. Re1 h6 16. Bf4 Bf8 17. Qd2 Na5 18. Rxe8 Qxe8 19. Re1 Qa4 20. Bc2 Qb5 21. b4 Nc4 22. Qd3 Rc8 23. Bb1 Qa4 24. Bc1 Ne4 25. Bc2 Qc6 26. Re2 a5 27. bxa5 bxa5 28. a4 Ncd6 29. Ne5 Ba6 30. Nxc6 Bxd3 31. Bxd3 Rxc6 32. Bf4 Nxg3 33. Bxg3 Rc1+ 34. Kh2 g6 35. Rb2 Rd1 36. Rb8 Kg7 37. Rxf8 Kxf8 38. Bxd6+ Kg8 39. Bb5 Rxd4 40. Bc7 Rd2 41. Kg3 d4 42. Bxa5 Ra2 43. Kf3 Ra3+ 44. Ke4 d3 45. Bd2 f5+ 46. Kd4 Kg7 47. a5 g5 48. a6 Kg6 49. Bxd3 h5 50. g4 hxg4 51. hxg4 Ra5 1-0

[Event "Fajr op 11th"]
[Site "Tehran"]
[Date "2003.03.05"]
[Round "9"]
[White "Khaghani, Mehdi"]
[Black "Abbasi, Rania"]
[Result "1-0"]
[WhiteElo "2226"]
[BlackElo "2040"]
[PlyCount "59"]
[EventDate "2003.02.27"]
[EventType "swiss"]
[EventRounds "9"]
[EventCountry "IRI"]
[SourceTitle "CBM 093 Extra"]
[Source "ChessBase"]
[SourceDate "2003.05.09"]
[SourceVersion "1"]
[SourceVersionDate "2003.05.09"]
[SourceQuality "1"]

1. e3 e5 2. c4 g6 3. Nc3 Bg7 4. g3 Ne7 5. Bg2 0-0 6. Nge2 c5 7. 0-0 Nbc6 8. a3 d6 9. Rb1 a5 10. Nd5 Nxd5 11. cxd5 Ne7 12. b4 cxb4 13. axb4 a4 14. b5 Bg4 15. Ba3 Qb6 16. Rb4 Bxe2 17. Qxe2 f5 18. d3 Rfc8 19. e4 Rc3 20. Ra1 Rb3 21. Qc2 Rxb4 22. Bxb4 Qxb5 23. Bxd6 Nc8 24. Ba3 Bf8 25. Bxf8 Kxf8 26. Qc7 Qb2 27. Rf1 a3 28. exf5 a2 29. f6 Ke8 30. Qg7 1-0

[Event "Fajr op 11th"]
[Site "Tehran"]
[Date "2003.03.04"]
[Round "8"]
[White "Bakhtiari, Kazem"]
[Black "Khaghani, Mehdi"]
[Result "1-0"]
[WhiteElo "2315"]
[BlackElo "2226"]
[PlyCount "91"]
[EventDate "2003.02.27"]
[EventType "swiss"]
[EventRounds "9"]
[EventCountry "IRI"]
[SourceTitle "CBM 093 Extra"]
[Source "ChessBase"]
[SourceDate "2003.05.09"]
[SourceVersion "1"]
[SourceVersionDate "2003.05.09"]
[SourceQuality "1"]

1. Nf3 c5 2. g3 g6 3. Bg2 Bg7 4. 0-0 Nc6 5. c3 e6 6. e4 Nge7 7. d4 cxd4 8. cxd4 d5 9. e5 0-0 10. h4 Nf5 11. Nc3 h5 12. Bg5 Qb6 13. Na4 Qc7 14. Rc1 b6 15. Qd2 Ba6 16. Rfe1 Rfc8 17. Bh3 Qd7 18. b3 Bf8 19. Bxf5 exf5 20. Bf6 Nd8 21. Bxd8 Qxd8 22. e6 f6 23. Nc3 Rc7 24. e7 Rxe7 25. Rxe7 Qxe7 26. Nxd5 Qf7 27. Nc7 Bb7 28. Nxa8 Bxa8 29. Ne1 Qd5 30. f3 Bd6 31. Qe3 Bc6 32. Kg2 f4 33. gxf4 Kg7 34. Nd3 Bb7 35. Nf2 Qf5 36. Re1 Bc6 37. Ne4 Bxf4 38. Ng3 Qc2+ 39. Qe2 Qxe2+ 40. Rxe2 Kf7 41. Kf2 Bb7 42. Rc2 Ke6 43. Ne2 Bd6 44. Ke3 Kf5 45. d5 Bxd5 46. Nd4+ 1-0